00661nam a2200181 i 450000100060000000300090000600500170001500700030003200800410003510000510007624500870012726000330021430000220024770000400026985200320030999900170034195201210035889272ES-MaACL20250929063139.0t|050105s1956 sp ||||1| spa d1 aLa Rochefoucauld, François, cduc de913863610aMáximas / cLa Rochefoucauld ; traducción y prólogo de José Mª Espinás. aBarcelona : bFama, c[1956] a151 p. ; c17 cm.1 aEspinàs, Josep M., d1927-947850 aES-MaACLjC-10754 bR.38973 c89272d89272 00104070aATENEOMbATENEOMcSPALd2008-01-17eSCl0oC-10754p1093234r2023-02-23 00:00:00w2023-02-23yMONOGRAFIA